000 00697nam a2200277Ia 4500
005 20260324121203.0
008 008 260324s9999 xx 000 0 eng d
020 _a9780203113462
037 _aEBOOK
040 _aCRL
040 _beng
040 _cCRL
041 _2eng
041 _aeng
084 _qCRL
100 _aSteven Janosik; Diane Cooper; Sue Saunders; Joan Hirt
_91161535
245 0 _aLearning Through Supervised Practice in Student Affairs
260 _bTaylor and Francis
260 _c2014
365 _a
365 _b280
856 _uhttp://www.taylorfrancis.com/books/9780203113462
942 _cEBOOK
999 _c1753472
_d1753472